[Event "Moscow op-A 13th"]
[Site "Moscow"]
[Date "2017.01.28"]
[Round "1"]
[White "Kolmakov, Pavel"]
[Black "Kharchenko, Boris"]
[Result "1/2-1/2"]
[WhiteElo "2254"]
[BlackElo "2461"]
[PlyCount "81"]
[EventDate "2017.01.28"]
[EventType "swiss"]
[EventRounds "9"]
[EventCountry "RUS"]
[SourceTitle "EXT 2018"]
[Source "ChessBase"]
[SourceDate "2017.10.13"]
[SourceVersion "1"]
[SourceVersionDate "2017.10.13"]
[SourceQuality "1"]

1. e4 c6 2. d4 d5 3. exd5 cxd5 4. c3 Nc6 5. Bf4 Nf6 6. Nf3 a6 7. Nbd2 Bf5 8. Be2 e6 9. 0-0 Bd6 10. Bxd6 Qxd6 11. a4 0-0 12. Re1 Qc7 13. Nb3 Ne4 14. Nh4 Qf4 15. Nf3 h6 16. Nc5 Qc7 17. Nxe4 Bxe4 18. Nd2 Bh7 19. Nb3 a5 20. Bd3 Bxd3 21. Qxd3 Ne7 22. Qf3 Nf5 23. Nc5 Nd6 24. Qf4 Rac8 25. Ra3 Nc4 26. Qxc7 Rxc7 27. Rb3 b6 28. Nd3 Rb8 29. Ne5 Nd6 30. f3 f6 31. Nd3 Kf7 32. Ra3 Re8 33. Raa1 g5 34. Re2 Ra7 35. Rae1 Rc7 36. Kf2 Rc4 37. Ra1 Rc7 38. Rae1 Rc4 39. Ra1 Rc7 40. Rae1 Rc4 41. Ra1 1/2-1/2

[Event "Pardubice Czech op-B 27th"]
[Site "Pardubice"]
[Date "2016.07.26"]
[Round "5"]
[White "Kolmakov, Pavel"]
[Black "Hardarson, Jon Trausti"]
[Result "1-0"]
[WhiteElo "2180"]
[BlackElo "2078"]
[PlyCount "67"]
[EventDate "2016.07.22"]
[EventType "swiss"]
[EventRounds "9"]
[EventCountry "CZE"]
[SourceTitle "CBM 173 Extra"]
[Source "ChessBase"]
[SourceDate "2016.08.29"]
[SourceVersion "1"]
[SourceVersionDate "2016.08.29"]
[SourceQuality "1"]

1. e4 c5 2. Nc3 Nc6 3. g3 g6 4. Bg2 Bg7 5. d3 d6 6. Be3 e6 7. Qd2 Nge7 8. Bh6 0-0 9. Nf3 Nd4 10. Nxd4 cxd4 11. Bxg7 Kxg7 12. Ne2 e5 13. c3 dxc3 14. bxc3 d5 15. exd5 Nxd5 16. 0-0 Qa5 17. Qb2 Bg4 18. Rfe1 Rac8 19. c4 Nb4 20. Nf4 f6 21. a3 Nc6 22. Nd5 b6 23. f4 exf4 24. Nxf4 Rfe8 25. Qf2 Ne5 26. d4 Nxc4 27. Nd5 f5 28. Ne7 Ra8 29. Bxa8 Rxa8 30. Qg2 Nd2 31. Re3 Rd8 32. Nc6 Qd5 33. Nxd8 Nf3+ 34. Kh1 1-0

[Event "EU-ch blitz"]
[Site "Minsk"]
[Date "2015.12.18"]
[Round "3.24"]
[White "Kolmakov, Pavel"]
[Black "Demidov, Mikhail"]
[Result "0-1"]
[WhiteElo "2223"]
[BlackElo "2485"]
[PlyCount "55"]
[EventDate "2015.12.18"]
[EventType "swiss (blitz)"]
[EventRounds "22"]
[EventCountry "BLR"]
[SourceTitle "EXT 2017"]
[Source "ChessBase"]
[SourceDate "2016.10.25"]
[SourceVersion "1"]
[SourceVersionDate "2016.10.25"]
[SourceQuality "1"]

1. e4 e6 2. d4 d5 3. Nd2 Be7 4. c3 c5 5. exd5 cxd4 6. dxe6 Bxe6 7. cxd4 Qxd4 8. Ngf3 Qd8 9. Bb5+ Nd7 10. 0-0 Ngf6 11. Nd4 Bd5 12. Nf5 0-0 13. Nxe7+ Qxe7 14. Re1 Qc5 15. Be2 Rfe8 16. Nb3 Qc6 17. Nd4 Qb6 18. b3 Rad8 19. Be3 Qa5 20. a3 a6 21. b4 Qc7 22. Rc1 Qb8 23. Nf5 Nf8 24. Nd4 Be4 25. Qb3 Ng6 26. Bf3 h6 27. Bxe4 Rxe4 28. Nf3 0-1

[Event "Moscow op-C"]
[Site "Moscow"]
[Date "2015.02.07"]
[Round "8"]
[White "Kolmakov, Pavel"]
[Black "Manukyan, Sargis V"]
[Result "0-1"]
[WhiteElo "2206"]
[BlackElo "2262"]
[PlyCount "62"]
[EventDate "2015.01.31"]
[EventType "swiss"]
[EventRounds "9"]
[EventCountry "RUS"]
[SourceTitle "CBM 164 Extra"]
[Source "ChessBase"]
[SourceDate "2015.03.02"]
[SourceVersion "1"]
[SourceVersionDate "2015.03.02"]
[SourceQuality "1"]

1. e4 e6 2. d4 d5 3. Nc3 Bb4 4. e5 Ne7 5. Bd2 b6 6. Nce2 Bxd2+ 7. Qxd2 Ba6 8. Nf3 c5 9. c3 Nbc6 10. h4 Rc8 11. Ng3 Bxf1 12. Kxf1 cxd4 13. cxd4 Kd7 14. Nh5 Qf8 15. g3 Ng6 16. a3 f6 17. exf6 gxf6 18. Kg2 Qf7 19. b4 Nce7 20. g4 Rc4 21. Qd1 Nc8 22. Qa4+ Kc7 23. Rac1 Kb7 24. Rxc4 dxc4 25. Rc1 Nd6 26. b5 Rd8 27. Qb4 Kb8 28. Rd1 Ne7 29. a4 Nd5 30. Qd2 Rg8 31. Kh3 f5 0-1

[Event "Moscow-ch sf"]
[Site "Moscow"]
[Date "2011.03.20"]
[Round "5"]
[White "Kolmakov, Pavel"]
[Black "Gorbatov, Alexej"]
[Result "0-1"]
[WhiteElo "2214"]
[BlackElo "2396"]
[PlyCount "100"]
[EventDate "2011.03.13"]
[EventType "swiss"]
[EventRounds "9"]
[EventCountry "RUS"]
[SourceTitle "CBM 141 Extra"]
[Source "ChessBase"]
[SourceDate "2011.05.03"]
[SourceVersion "1"]
[SourceVersionDate "2011.05.03"]
[SourceQuality "1"]

1. e4 c6 2. d4 d5 3. exd5 cxd5 4. Nf3 Nc6 5. c3 Qc7 6. g3 Bg4 7. Be2 Bxf3 8. Bxf3 e6 9. Bf4 Bd6 10. Bxd6 Qxd6 11. Qe2 Nge7 12. 0-0 0-0 13. Bg2 Rab8 14. a4 Qc7 15. Nd2 Nf5 16. Nb3 b6 17. Nc1 Qb7 18. Nd3 Qa6 19. Rfe1 Nd6 20. Bf1 Ne4 21. Qh5 Qb7 22. Nf4 Nf6 23. Qh3 Rfe8 24. Bb5 Re7 25. Bxc6 Qxc6 26. Nd3 Ne4 27. Qg2 Nd6 28. Re2 a5 29. Ne5 Qe8 30. h4 Rc8 31. Qf3 Rec7 32. h5 h6 33. g4 Ne4 34. Qe3 Qd8 35. f3 Nd6 36. Rg2 Nc4 37. Nxc4 Rxc4 38. g5 hxg5 39. Rxg5 Qf6 40. Kf2 Kf8 41. Rag1 Ke7 42. Rxg7 Qh4+ 43. Ke2 Qxh5 44. R1g5 Qh2+ 45. Rg2 Qh5 46. R2g5 Qh2+ 47. Kd3 Qc7 48. R5g6 Rxc3+ 49. bxc3 Qxc3+ 50. Ke2 Qb2+ 0-1

[Event "Kimry op Jan"]
[Site "Kimry"]
[Date "2011.01.07"]
[Round "9"]
[White "Kolmakov, Pavel"]
[Black "Krylov, Ivan"]
[Result "0-1"]
[WhiteElo "2232"]
[BlackElo "2009"]
[PlyCount "48"]
[EventDate "2011.01.02"]
[EventType "swiss"]
[EventRounds "9"]
[EventCountry "RUS"]
[SourceTitle "CBM 140 Extra"]
[Source "ChessBase"]
[SourceDate "2011.03.01"]
[SourceVersion "1"]
[SourceVersionDate "2011.03.01"]
[SourceQuality "1"]

1. e4 c5 2. Nf3 d6 3. d4 cxd4 4. Nxd4 Nf6 5. Nc3 a6 6. Bg5 e6 7. f4 Qc7 8. Qf3 Nbd7 9. 0-0-0 b5 10. Bd3 Bb7 11. Rhe1 Be7 12. Qg3 b4 13. Nd5 exd5 14. e5 dxe5 15. fxe5 Ne4 16. Bxe4 dxe4 17. Bf4 g5 18. Qh3 gxf4 19. e6 Nf6 20. exf7+ Kxf7 21. Nf5 Rad8 22. Nh6+ Kg6 23. g4 Rxd1+ 24. Rxd1 Rc8 0-1

[Event "Kimry op Jan"]
[Site "Kimry"]
[Date "2011.01.04"]
[Round "4"]
[White "Kuryshkin, Anatoliy"]
[Black "Kolmakov, Pavel"]
[Result "0-1"]
[WhiteElo "2006"]
[BlackElo "2232"]
[PlyCount "42"]
[EventDate "2011.01.02"]
[EventType "swiss"]
[EventRounds "9"]
[EventCountry "RUS"]
[SourceTitle "CBM 140 Extra"]
[Source "ChessBase"]
[SourceDate "2011.03.01"]
[SourceVersion "1"]
[SourceVersionDate "2011.03.01"]
[SourceQuality "1"]

1. e4 c5 2. Nf3 d6 3. d4 cxd4 4. Nxd4 Nf6 5. Nc3 a6 6. Bg5 e6 7. f4 b5 8. e5 dxe5 9. fxe5 Qc7 10. Qd2 Qxe5+ 11. Be2 Bb4 12. Bf4 Qc5 13. Bf3 Nd5 14. Nb3 Qc4 15. a3 Bxc3 16. bxc3 0-0 17. Bd6 Rd8 18. Na5 Qh4+ 19. Bg3 Qa4 20. c4 bxc4 21. Bxd5 Rxd5 0-1

[Event "Kimry op Jan"]
[Site "Kimry"]
[Date "2011.01.03"]
[Round "3"]
[White "Kolmakov, Pavel"]
[Black "Jarulin, Rufat"]
[Result "1-0"]
[WhiteElo "2232"]
[BlackElo "2032"]
[PlyCount "99"]
[EventDate "2011.01.02"]
[EventType "swiss"]
[EventRounds "9"]
[EventCountry "RUS"]
[SourceTitle "CBM 140 Extra"]
[Source "ChessBase"]
[SourceDate "2011.03.01"]
[SourceVersion "1"]
[SourceVersionDate "2011.03.01"]
[SourceQuality "1"]

1. e4 c5 2. Nf3 e6 3. d4 cxd4 4. Nxd4 a6 5. Bd3 Nc6 6. Nxc6 bxc6 7. 0-0 e5 8. c4 Nf6 9. Nc3 Be7 10. Be3 0-0 11. c5 Qa5 12. Na4 Rb8 13. Qc2 Qc7 14. a3 Bb7 15. Nb6 Ng4 16. Bd2 d6 17. cxd6 Bxd6 18. Nc4 Bc5 19. Rac1 Bd4 20. h3 Nf6 21. Bg5 Ne8 22. b4 Nd6 23. Na5 f6 24. Bd2 Rbc8 25. Nb3 Qb6 26. Nxd4 exd4 27. e5 Nf7 28. Bxh7+ Kh8 29. exf6 Ne5 30. Qf5 Rxf6 31. Qh5 Nf7 32. Bf5+ Kg8 33. Qh7+ Kf8 34. Bxc8 Bxc8 35. b5 c5 36. Rxc5 Bb7 37. Bb4 Nd6 38. bxa6 Bxa6 39. Re1 d3 40. Qh5 Kg8 41. Re7 Bb7 42. Qg4 Nf7 43. Qc4 d2 44. Bxd2 Ba6 45. Re8+ Kh7 46. Rh5+ Nh6 47. Qe4+ Rg6 48. Rxh6+ gxh6 49. Re7+ Kg8 50. Qa8+ 1-0

[Event "Pardubice Czech op-A 21st"]
[Site "Pardubice"]
[Date "2010.07.28"]
[Round "6"]
[White "Kolmakov, Pavel"]
[Black "Pozin, Sergey"]
[Result "1-0"]
[WhiteElo "2213"]
[BlackElo "2414"]
[PlyCount "94"]
[EventDate "2010.07.23"]
[EventType "swiss"]
[EventRounds "9"]
[EventCountry "CZE"]
[SourceTitle "CBM 137 Extra"]
[Source "ChessBase"]
[SourceDate "2010.09.01"]
[SourceVersion "1"]
[SourceVersionDate "2010.09.01"]
[SourceQuality "1"]

1. e4 c6 2. d4 d5 3. exd5 cxd5 4. Nf3 Nf6 5. c3 Nc6 6. Bf4 Bg4 7. Nbd2 e6 8. Be2 Bd6 9. Bxd6 Qxd6 10. 0-0 0-0 11. Ne5 Bxe2 12. Qxe2 Rab8 13. a3 Qc7 14. Ndf3 Na5 15. Rac1 b5 16. b4 Nc4 17. Nxc4 dxc4 18. Nd2 a5 19. f4 axb4 20. axb4 Ra8 21. f5 Rfe8 22. fxe6 Rxe6 23. Qf3 Ra2 24. Rf2 h6 25. Nf1 Qa7 26. Rcc2 Rxc2 27. Rxc2 Qa1 28. h3 Re1 29. Qf5 Qb1 30. Rf2 Qxf5 31. Rxf5 Ne4 32. Rxb5 Nxc3 33. Rb8+ Kh7 34. Kf2 Rd1 35. b5 Rxd4 36. b6 Na4 37. b7 Nc5 38. Rh8+ Kxh8 39. b8Q+ Kh7 40. Qc7 Ne6 41. Qc8 Rf4+ 42. Kg1 Nd4 43. Ne3 c3 44. Nd5 Ne2+ 45. Kh2 Rd4 46. Ne7 h5 47. Qf5+ Kh6 1-0

[Event "Kostroma Volga Cup op"]
[Site "Kostroma"]
[Date "2010.07.??"]
[Round "3"]
[White "Kolmakov, Pavel"]
[Black "Kalugin, Sergei G"]
[Result "0-1"]
[WhiteElo "2213"]
[BlackElo "2457"]
[PlyCount "70"]
[EventDate "2010.07.??"]
[EventType "swiss"]
[EventRounds "9"]
[EventCountry "RUS"]
[SourceTitle "EXT 2011"]
[Source "ChessBase"]
[SourceDate "2010.11.26"]
[SourceVersion "1"]
[SourceVersionDate "2010.11.26"]
[SourceQuality "1"]

1. e4 c5 2. Nf3 Nc6 3. d4 cxd4 4. Nxd4 Nf6 5. Nc3 d6 6. Bg5 e6 7. Qd2 h6 8. Bxf6 gxf6 9. 0-0-0 a6 10. f4 Qb6 11. Nb3 Bd7 12. Be2 h5 13. Rhf1 0-0-0 14. Kb1 Kb8 15. Rf3 h4 16. Nc1 Be8 17. a3 Ne7 18. Rd3 Ng6 19. Bf3 Rc8 20. N3e2 Ba4 21. Rc3 Be7 22. Na2 Qf2 23. Rxc8+ Rxc8 24. Nac3 Bc6 25. Qe1 Qb6 26. Qg1 Qxg1 27. Rxg1 Rh8 28. Kc1 Bd8 29. Kd2 Bb6 30. Rf1 Ne7 31. Kd3 f5 32. Nd4 fxe4+ 33. Nxe4 Bxd4 34. Kxd4 Nf5+ 35. Kd3 Bb5+ 0-1

[Event "Kostroma Volga Cup op"]
[Site "Kostroma"]
[Date "2010.07.??"]
[Round "7"]
[White "Kolmakov, Pavel"]
[Black "Morozov, Grigory"]
[Result "1-0"]
[WhiteElo "2213"]
[BlackElo "2370"]
[PlyCount "73"]
[EventDate "2010.07.??"]
[EventType "swiss"]
[EventRounds "9"]
[EventCountry "RUS"]
[SourceTitle "EXT 2011"]
[Source "ChessBase"]
[SourceDate "2010.11.26"]
[SourceVersion "1"]
[SourceVersionDate "2010.11.26"]
[SourceQuality "1"]

1. e4 e6 2. d4 d5 3. Nd2 Nf6 4. Bd3 c5 5. e5 Nfd7 6. c3 Nc6 7. Ne2 cxd4 8. cxd4 f6 9. exf6 Nxf6 10. Nf3 Bd6 11. 0-0 Qc7 12. Nc3 a6 13. Bg5 0-0 14. Bh4 Bd7 15. Bg3 Rac8 16. Rc1 Bxg3 17. hxg3 Qd6 18. Re1 Na5 19. Ne5 Nc4 20. Qe2 Rfe8 21. Nxc4 dxc4 22. Bxc4 Qxd4 23. Bb3 Kh8 24. Rcd1 Qb6 25. Ne4 Nxe4 26. Qxe4 Bc6 27. Qe5 Rf8 28. Re2 Bb5 29. Red2 Bc4 30. Bc2 Bd5 31. Qh5 h6 32. Qg6 Kg8 33. Qh7+ Kf7 34. Bg6+ Kf6 35. Bh5 Qc7 36. Qg6+ Ke7 37. Qxg7+ 1-0

[Event "Kostroma Volga Cup op"]
[Site "Kostroma"]
[Date "2010.07.??"]
[Round "2"]
[White "Kukhmazov, Arsen"]
[Black "Kolmakov, Pavel"]
[Result "0-1"]
[WhiteElo "2021"]
[BlackElo "2213"]
[PlyCount "62"]
[EventDate "2010.07.??"]
[EventType "swiss"]
[EventRounds "9"]
[EventCountry "RUS"]
[SourceTitle "EXT 2011"]
[Source "ChessBase"]
[SourceDate "2010.11.26"]
[SourceVersion "1"]
[SourceVersionDate "2010.11.26"]
[SourceQuality "1"]

1. d4 Nf6 2. c4 g6 3. Nc3 d5 4. cxd5 Nxd5 5. e4 Nxc3 6. bxc3 Bg7 7. Bc4 c5 8. Ne2 Nc6 9. Be3 0-0 10. 0-0 Bg4 11. f3 Na5 12. Bd3 cxd4 13. cxd4 Be6 14. Qa4 a6 15. Rac1 b5 16. Qb4 Bxa2 17. d5 Bc4 18. Rfd1 Nb3 19. Rc2 a5 20. Qa3 Bxd3 21. Rxd3 a4 22. Nc1 Qa5 23. Rd1 Nxc1 24. Rdxc1 b4 25. Qd3 b3 26. Rc5 Qa6 27. Qb1 b2 28. Re1 a3 29. Qa2 Rfb8 30. Rb1 Qd3 31. Kf2 Bd4 0-1

[Event "Kimry-ch"]
[Site "Kimry"]
[Date "2010.01.06"]
[Round "8"]
[White "Kolmakov, Pavel"]
[Black "Gorshkov, Yuri"]
[Result "1-0"]
[WhiteElo "2185"]
[BlackElo "2369"]
[PlyCount "63"]
[EventDate "2010.01.02"]
[EventType "swiss"]
[EventRounds "9"]
[EventCountry "RUS"]
[SourceTitle "CBM 134 Extra"]
[Source "ChessBase"]
[SourceDate "2010.03.03"]
[SourceVersion "1"]
[SourceVersionDate "2010.03.03"]
[SourceQuality "1"]

1. e4 c5 2. Nf3 d6 3. d4 cxd4 4. Nxd4 Nf6 5. Nc3 a6 6. Be3 e6 7. g4 h6 8. f3 Qc7 9. Qd2 Nc6 10. 0-0-0 b5 11. h4 Nd7 12. Nxc6 Qxc6 13. Bf4 b4 14. Ne2 e5 15. Be3 Rb8 16. Ng3 Nc5 17. Bc4 Be6 18. Bd5 Qc7 19. Kb1 a5 20. Qe2 Be7 21. Qc4 Rc8 22. Nf5 Bxd5 23. Rxd5 g6 24. Nxh6 Bf8 25. g5 Bxh6 26. gxh6 0-0 27. h7+ Kxh7 28. h5 g5 29. Bxg5 Rg8 30. Rg1 Qe7 31. Be3 Rxg1+ 32. Bxg1 1-0

[Event "Kimry-ch"]
[Site "Kimry"]
[Date "2010.01.05"]
[Round "6"]
[White "Dobrovolskiy, Konstantin"]
[Black "Kolmakov, Pavel"]
[Result "1/2-1/2"]
[WhiteElo "2196"]
[BlackElo "2185"]
[PlyCount "116"]
[EventDate "2010.01.02"]
[EventType "swiss"]
[EventRounds "9"]
[EventCountry "RUS"]
[SourceTitle "CBM 134 Extra"]
[Source "ChessBase"]
[SourceDate "2010.03.03"]
[SourceVersion "1"]
[SourceVersionDate "2010.03.03"]
[SourceQuality "1"]

1. d4 Nf6 2. c4 e6 3. Nc3 Bb4 4. Qc2 c5 5. dxc5 Bxc5 6. Nf3 0-0 7. Bg5 Be7 8. e3 d6 9. Be2 Nbd7 10. 0-0 a6 11. Rfd1 Qc7 12. Rac1 b6 13. Nd4 Bb7 14. f3 Rac8 15. e4 Rfe8 16. Qd2 Qb8 17. Bf1 h6 18. Be3 Bd8 19. Qf2 Bc7 20. g3 Ne5 21. b3 Qa8 22. Bg2 d5 23. cxd5 exd5 24. Nxd5 Nxd5 25. exd5 Bxd5 26. Rc3 Bd6 27. Rxc8 Rxc8 28. Bh3 Rc3 29. f4 Rd3 30. Rc1 Nc6 31. Bf5 Rxe3 32. Qxe3 Bc5 33. Rxc5 bxc5 34. Nxc6 Qxc6 35. Qe7 g6 36. Bd7 Qc7 37. Qe8+ Kh7 38. f5 Qd6 39. fxg6+ Qxg6 40. Qe2 Qe4 41. Qxe4+ Bxe4 42. Bc8 a5 43. Ba6 Kg7 44. Kf2 Bb1 45. a4 Kf6 46. Bc4 Bg6 47. Ke3 Ke5 48. Bd3 Bh5 49. Bc4 f6 50. Bg8 Be8 51. Bc4 Bc6 52. Bd3 Bd5 53. Bc4 Bxc4 54. bxc4 Kf5 55. Kf3 h5 56. h3 Ke5 57. Ke3 f5 58. h4 Ke6 1/2-1/2

[Event "Kimry-ch"]
[Site "Kimry"]
[Date "2010.01.04"]
[Round "4"]
[White "Kolpakov, Nikolay Anastasievi"]
[Black "Kolmakov, Pavel"]
[Result "0-1"]
[WhiteElo "2264"]
[BlackElo "2185"]
[PlyCount "105"]
[EventDate "2010.01.02"]
[EventType "swiss"]
[EventRounds "9"]
[EventCountry "RUS"]
[SourceTitle "CBM 134 Extra"]
[Source "ChessBase"]
[SourceDate "2010.03.03"]
[SourceVersion "1"]
[SourceVersionDate "2010.03.03"]
[SourceQuality "1"]

1. d4 Nf6 2. Nf3 e6 3. c4 c5 4. e3 cxd4 5. exd4 d5 6. Nc3 Be7 7. cxd5 Nxd5 8. Bd3 Nc6 9. 0-0 0-0 10. Qe2 Nf6 11. Be3 Qa5 12. a3 a6 13. b4 Qh5 14. Rac1 Bd7 15. h3 Rfd8 16. Rfd1 Be8 17. Qb2 Na7 18. Ne2 Bd6 19. Ne5 Bxe5 20. dxe5 Nd5 21. Ng3 Qh4 22. Rc4 Qxg3 23. fxg3 Nxe3 24. Bxh7+ Kxh7 25. Rh4+ Kg8 26. Re1 Nf5 27. Rf4 Nxg3 28. Qf2 Nf5 29. g4 Ne7 30. h4 Ng6 31. Rf3 Bc6 32. Rxf7 Rf8 33. Rxf8+ Rxf8 34. Qxa7 Nxh4 35. Rc1 Bd5 36. Rc5 Be4 37. Qb6 Nf3+ 38. Kf2 Nxe5+ 39. Ke3 Bd5 40. Rxd5 Nc4+ 41. Kd4 Nxb6 42. Rd6 e5+ 43. Kc5 Rc8+ 44. Kxb6 Rc6+ 45. Rxc6 bxc6 46. Kc5 Kf7 47. a4 Ke6 48. Kxc6 e4 49. b5 axb5 50. a5 e3 51. a6 e2 52. a7 e1Q 53. Kxb5 0-1

[Event "Moscow Region-ch op"]
[Site "Moscow"]
[Date "2009.08.04"]
[Round "8"]
[White "Meribanov, Semen Eduardovich"]
[Black "Kolmakov, Pavel"]
[Result "1/2-1/2"]
[WhiteElo "2345"]
[BlackElo "2268"]
[PlyCount "107"]
[EventDate "2009.07.29"]
[EventType "swiss"]
[EventRounds "10"]
[EventCountry "RUS"]
[SourceTitle "CBM 131 Extra"]
[Source "ChessBase"]
[SourceDate "2009.09.03"]
[SourceVersion "2"]
[SourceVersionDate "2009.09.16"]
[SourceQuality "1"]

1. e4 c5 2. Nf3 e6 3. Nc3 Nc6 4. d4 cxd4 5. Nxd4 Nf6 6. Ndb5 Bb4 7. a3 Bxc3+ 8. Nxc3 d5 9. exd5 exd5 10. Bd3 0-0 11. 0-0 d4 12. Ne2 Bg4 13. Re1 Re8 14. Bg5 Qd6 15. Qd2 Rac8 16. h3 Bxe2 17. Rxe2 Rxe2 18. Qxe2 Re8 19. Qf3 Nd7 20. Rd1 Nc5 21. Qf5 g6 22. Qf4 Qxf4 23. Bxf4 Nxd3 24. Rxd3 Re1+ 25. Kh2 Rb1 26. b3 b5 27. Kg3 Rb2 28. Rd2 f5 29. Bd6 Kf7 30. Bc5 Ke6 31. Bxd4 Nxd4 32. Rxd4 Rxc2 33. Rd3 a5 34. Kf3 Ra2 35. b4 axb4 36. axb4 Rb2 37. Rd4 Ke5 38. Rd7 Rb3+ 39. Ke2 h6 40. Rb7 Rxb4 41. Rb6 Rb2+ 42. Kf3 g5 43. Rxh6 b4 44. Rb6 Kd4 45. g3 Kc4 46. Rc6+ Kd4 47. Rd6+ Kc3 48. g4 fxg4+ 49. Kxg4 Rxf2 50. Kxg5 Rg2+ 51. Kf4 Rb2 52. Kg4 b3 53. Rc6+ Kd4 54. Rb6 1/2-1/2

[Event "Moscow Region-ch op"]
[Site "Moscow"]
[Date "2009.07.31"]
[Round "3"]
[White "Kolmakov, Pavel"]
[Black "Nersesian, Vagram Arshakovich"]
[Result "0-1"]
[WhiteElo "2268"]
[BlackElo "1964"]
[PlyCount "68"]
[EventDate "2009.07.29"]
[EventType "swiss"]
[EventRounds "10"]
[EventCountry "RUS"]
[SourceTitle "CBM 131 Extra"]
[Source "ChessBase"]
[SourceDate "2009.09.03"]
[SourceVersion "2"]
[SourceVersionDate "2009.09.16"]
[SourceQuality "1"]

1. e4 c5 2. Nf3 Nf6 3. e5 Nd5 4. d4 cxd4 5. c3 e6 6. cxd4 Nc6 7. a3 Qa5+ 8. Nbd2 b5 9. g3 Qb6 10. Nb3 a5 11. Qd3 Ba6 12. Nbd2 Be7 13. Be2 0-0 14. 0-0 Rfc8 15. b3 f5 16. exf6 Bxf6 17. Bb2 b4 18. Nc4 Qa7 19. Nfe5 bxa3 20. Rxa3 Ndb4 21. Qd2 Bxc4 22. Bxc4 d5 23. Bb5 Nxe5 24. dxe5 Rc2 25. Qd4 Be7 26. Qxa7 Rxa7 27. Bd4 Bc5 28. Rd1 Bxd4 29. Rxd4 Rc1+ 30. Kg2 Nc2 31. Raa4 Nxd4 32. Rxd4 Rc2 33. Ra4 Rb2 34. Ra3 Rf7 0-1

[Event "Rybinsk op"]
[Site "Rybinsk"]
[Date "2009.06.18"]
[Round "7"]
[White "Kolmakov, Pavel"]
[Black "Vdovin, Vadim"]
[Result "0-1"]
[WhiteElo "2260"]
[BlackElo "1960"]
[PlyCount "44"]
[EventDate "2009.06.14"]
[EventType "swiss"]
[EventRounds "9"]
[EventCountry "RUS"]
[SourceTitle "CBM 131 Extra"]
[Source "ChessBase"]
[SourceDate "2009.09.03"]
[SourceVersion "2"]
[SourceVersionDate "2009.09.16"]
[SourceQuality "1"]

1. e4 c5 2. Nf3 d6 3. d4 cxd4 4. Nxd4 Nf6 5. Nc3 g6 6. Be3 Bg7 7. f3 0-0 8. Qd2 Nc6 9. g4 Bd7 10. 0-0-0 Rc8 11. h4 h5 12. gxh5 Nxh5 13. Rg1 Ne5 14. Bh6 Bh8 15. Bxf8 Kxf8 16. Nd5 e6 17. Nf4 Nxf4 18. Qxf4 Qb6 19. Qd2 Nxf3 20. Qh6+ Bg7 21. Qxg7+ Kxg7 22. Nxf3 Qe3+ 0-1

[Event "Moscow-ch sf"]
[Site "Moscow"]
[Date "2009.03.29"]
[Round "9"]
[White "Mesropov, Konstantin Eduard"]
[Black "Kolmakov, Pavel"]
[Result "1-0"]
[WhiteElo "2402"]
[BlackElo "2260"]
[PlyCount "65"]
[EventDate "2009.03.21"]
[EventType "swiss"]
[EventRounds "9"]
[EventCountry "RUS"]
[SourceTitle "EXT 2010"]
[Source "ChessBase"]
[SourceDate "2010.11.25"]
[SourceVersion "1"]
[SourceVersionDate "2010.11.25"]
[SourceQuality "1"]

1. d4 Nf6 2. Nf3 d5 3. Bg5 e6 4. Nbd2 Be7 5. e3 Nbd7 6. Bd3 c5 7. c3 b6 8. 0-0 Bb7 9. Qb1 h6 10. Bh4 Ng4 11. Bxe7 Qxe7 12. b4 cxb4 13. cxb4 0-0 14. Qb2 a5 15. a3 axb4 16. axb4 e5 17. Rxa8 Rxa8 18. Bf5 e4 19. Bxg4 exf3 20. Bxf3 Ra4 21. Rb1 b5 22. Be2 Bc6 23. Bd1 Ra6 24. Qc3 Qd6 25. Nb3 Qg6 26. Bc2 Qh5 27. Na5 Nb8 28. Qd3 g6 29. Bd1 Qg5 30. Nxc6 Nxc6 31. Qxb5 Qf5 32. Rc1 Ra2 33. Bf3 1-0

[Event "Moscow op-A"]
[Site "Moscow"]
[Date "2009.02.05"]
[Round "6"]
[White "Kolmakov, Pavel"]
[Black "Belous, Vladimir"]
[Result "1-0"]
[WhiteElo "2284"]
[BlackElo "2023"]
[PlyCount "57"]
[EventDate "2009.01.31"]
[EventType "swiss"]
[EventRounds "9"]
[EventCountry "RUS"]
[SourceTitle "EXT 2022"]
[Source "ChessBase"]
[SourceDate "2021.10.06"]
[SourceVersion "1"]
[SourceVersionDate "2021.10.06"]
[SourceQuality "1"]

1. e4 c5 2. Nf3 e6 3. d4 cxd4 4. Nxd4 a6 5. Bd3 Bc5 6. Nb3 Ba7 7. c4 Nc6 8. Bf4 Qf6 9. Qd2 Nb4 10. Bg3 Nxd3+ 11. Qxd3 h5 12. 0-0 h4 13. Bd6 h3 14. e5 Qf5 15. Qxf5 exf5 16. Nc3 hxg2 17. Rfe1 Ne7 18. c5 Rh6 19. Nd4 Rh5 20. Nde2 Rh4 21. Rac1 Rc4 22. Bxe7 Rxc3 23. Nxc3 Kxe7 24. Nd5+ Kd8 25. Re3 d6 26. exd6 Be6 27. Nc7 Rc8 28. Nxe6+ fxe6 29. b4 1-0

[Event "Moscow op-A"]
[Site "Moscow"]
[Date "2009.02.02"]
[Round "3"]
[White "Sergienko, Sergey"]
[Black "Kolmakov, Pavel"]
[Result "1-0"]
[WhiteElo "1916"]
[BlackElo "2284"]
[PlyCount "53"]
[EventDate "2009.01.31"]
[EventType "swiss"]
[EventRounds "9"]
[EventCountry "RUS"]
[SourceTitle "EXT 2022"]
[Source "ChessBase"]
[SourceDate "2021.10.06"]
[SourceVersion "1"]
[SourceVersionDate "2021.10.06"]
[SourceQuality "1"]

1. e4 c5 2. Nf3 e6 3. d3 d5 4. Qe2 Nf6 5. g3 Nc6 6. Bg2 b6 7. 0-0 Be7 8. e5 Nd7 9. c4 d4 10. h4 Qc7 11. Bf4 Bb7 12. Nbd2 0-0-0 13. Rfe1 Rdg8 14. Ne4 Ncxe5 15. Nxe5 Nxe5 16. Ng5 Bxg2 17. Bxe5 Qc6 18. Nxf7 Bf3 19. Qd2 h5 20. Nxh8 Rxh8 21. Bxg7 Rg8 22. Qh6 Bxh4 23. Kh2 Qd7 24. Bf6 Bxf6 25. Qxf6 Bg4 26. Re5 Qd6 27. Qf4 1-0

[Event "Vladimir op-A"]
[Site "Vladimir"]
[Date "2008.08.18"]
[Round "6"]
[White "Matinian, Nikita"]
[Black "Kolmakov, Pavel"]
[Result "1-0"]
[WhiteElo "2291"]
[BlackElo "2263"]
[PlyCount "63"]
[EventDate "2008.08.12"]
[EventType "swiss"]
[EventRounds "10"]
[EventCountry "RUS"]
[SourceTitle "CBM 126 Extra"]
[Source "ChessBase"]
[SourceDate "2008.11.05"]
[SourceVersion "1"]
[SourceVersionDate "2008.11.05"]
[SourceQuality "1"]

1. e4 c5 2. Nf3 Nc6 3. Bb5 g6 4. Bxc6 dxc6 5. d3 Bg7 6. h3 Nf6 7. Nc3 Nd7 8. Be3 e5 9. Qd2 0-0 10. Bh6 Qf6 11. h4 Bxh6 12. Qxh6 Rd8 13. h5 Nf8 14. hxg6 hxg6 15. Nd1 Bg4 16. Ne3 Bxf3 17. gxf3 Qg7 18. Qh2 Ne6 19. 0-0-0 Nf4 20. Kb1 Kf8 21. Rdg1 Ke8 22. Qh4 Kd7 23. Nf5 Qf8 24. Qf6 gxf5 25. Rh7 Kc7 26. Rxf7+ Kb6 27. Rxf8 Rxf8 28. Qxe5 fxe4 29. Rg7 Rac8 30. fxe4 Nh3 31. a4 Nxf2 32. a5+ 1-0